00516nam a2200145Ia 4500003000900000008004100009020002600050040001600076100002600092245006400118260003200182300002000214490003300234856010300267IN-BaIIA211028s9999 xx s 000 0 eng d a9780819459282 (Print) cIIA Library aDoty, F. Patrick, ed. 0aPenetrating Radiation Systems and Applications VIIh[eBook] aWashington, USAbSPIEc2005 aOnline resource aProceedings of SPIE; V. 5923 uhttps://www.spiedigitallibrary.org/conference-proceedings-of-spie/5923yClick Here to Access eBook